000 00396nam a2200169Ia 4500
008 230524s9999 xx 000 0 und d
020 _a8120328132
082 _a5.133
_bHIL
100 _aF.S.Hill
245 0 _aComputer Graphics Using Open GL
250 _a2ND
260 _aNEW DELHI
_bPHI
_c2007
300 _aXIV;833
500 _aQuantity Number: 2
650 _aComp-Sc
942 _cBK
999 _c38091
_d38091